[Event "Shelest Memorial op"]
[Site "Mykolaiv"]
[Date "2023.05.04"]
[Round "2"]
[White "Malakhatko, Vadim"]
[Black "Fainkihen, Efim"]
[Result "1/2-1/2"]
[WhiteElo "2439"]
[BlackElo "1972"]
[PlyCount "70"]
[EventDate "2023.05.03"]
[EventType "swiss"]
[EventRounds "9"]
[EventCountry "UKR"]
[SourceTitle "CBM 214 Extra"]
[Source "ChessBase"]
[SourceDate "2023.07.31"]
[SourceVersion "1"]
[SourceVersionDate "2023.07.31"]
[SourceQuality "1"]

1. c4 f5 2. g3 Nf6 3. Bg2 d6 4. d3 e5 5. e4 fxe4 6. dxe4 Be6 7. Nc3 Nc6 8. b3 Nd4 9. Nge2 Bg4 10. Qd3 Ne6 11. 0-0 Nc5 12. Qe3 c6 13. h3 Be6 14. f4 Be7 15. Kh1 0-0 16. f5 Bf7 17. g4 h6 18. Qg3 a6 19. Be3 b5 20. Rfd1 Ncd7 21. h4 Nh7 22. g5 hxg5 23. hxg5 Nxg5 24. Rg1 b4 25. Na4 Bh5 26. Bxg5 Bxg5 27. Bf3 Bxf3+ 28. Qxf3 Qf6 29. Rg3 Bf4 30. Rh3 Kf7 31. Rg1 Rh8 32. Rg6 Rxh3+ 33. Qxh3 Qe7 34. Qh5 Kg8 35. Nb6 Rf8 1/2-1/2

[Event "Shelest Memorial op"]
[Site "Mykolaiv"]
[Date "2023.05.03"]
[Round "1"]
[White "Garadzhii, Sergei"]
[Black "Malakhatko, Vadim"]
[Result "0-1"]
[WhiteElo "1502"]
[BlackElo "2439"]
[PlyCount "48"]
[EventDate "2023.05.03"]
[EventType "swiss"]
[EventRounds "9"]
[EventCountry "UKR"]
[SourceTitle "CBM 214 Extra"]
[Source "ChessBase"]
[SourceDate "2023.07.31"]
[SourceVersion "1"]
[SourceVersionDate "2023.07.31"]
[SourceQuality "1"]

1. e4 c5 2. f4 d5 3. exd5 Qxd5 4. d3 Nc6 5. Nf3 e6 6. Nc3 Qd8 7. Be2 Be7 8. 0-0 Nh6 9. Be3 Nf5 10. Bf2 0-0 11. Ne4 Ncd4 12. c3 Nxe2+ 13. Qxe2 b6 14. Rad1 Qc7 15. g4 Nh6 16. h3 Kh8 17. Neg5 Bb7 18. Ne5 Rae8 19. d4 Rd8 20. Qd3 g6 21. Qg3 Ba8 22. f5 Qb7 23. Be3 exf5 24. Qh4 Qg2# 0-1

[Event "Kiev Blitz Marathon"]
[Site "Kiev"]
[Date "2023.04.23"]
[Round "53"]
[White "Kazarin, Yuri"]
[Black "Malakhatko, Vadim"]
[Result "0-1"]
[WhiteElo "1799"]
[BlackElo "2439"]
[PlyCount "77"]
[EventDate "2023.04.22"]
[EventType "tourn (blitz)"]
[EventRounds "54"]
[EventCountry "UKR"]
[SourceTitle "CBM 213 Extra"]
[Source "ChessBase"]
[SourceDate "2023.05.31"]
[SourceVersion "1"]
[SourceVersionDate "2023.05.31"]
[SourceQuality "1"]

1. e4 c5 2. Nf3 e6 3. c3 Nf6 4. d3 d5 5. Nbd2 Nc6 6. Be2 Be7 7. 0-0 0-0 8. e5 Nd7 9. d4 cxd4 10. cxd4 Qb6 11. Nb3 a5 12. a4 Nb4 13. Bd2 Qa7 14. Bxb4 Bxb4 15. Bd3 Be7 16. Nfd2 g6 17. f4 Nb8 18. Kh1 Nc6 19. Nf3 Nb4 20. Bb5 b6 21. Qe2 Bb7 22. Rac1 Rac8 23. Qd2 Bc6 24. Bxc6 Nxc6 25. Qd3 Nb4 26. Qb5 Na2 27. Ra1 Nb4 28. Rac1 Nc2 29. Rf2 Ne3 30. Qd3 Nc4 31. Rfc2 Qb7 32. Nbd2 Nxb2 33. Qb3 Nc4 34. Nxc4 dxc4 35. Rxc4 Rxc4 36. Qxc4 Qe4 37. h3 Qxf4 38. Rb1 Bb4 39. Qc6 0-1

[Event "Kiev Blitz Marathon"]
[Site "Kiev"]
[Date "2023.04.23"]
[Round "49"]
[White "Kovalenko, Nazarii"]
[Black "Malakhatko, Vadim"]
[Result "0-1"]
[WhiteElo "1783"]
[BlackElo "2439"]
[PlyCount "58"]
[EventDate "2023.04.22"]
[EventType "tourn (blitz)"]
[EventRounds "54"]
[EventCountry "UKR"]
[SourceTitle "CBM 213 Extra"]
[Source "ChessBase"]
[SourceDate "2023.05.31"]
[SourceVersion "1"]
[SourceVersionDate "2023.05.31"]
[SourceQuality "1"]

1. d4 e6 2. g3 c5 3. Nf3 Nc6 4. Bg2 Nf6 5. 0-0 cxd4 6. Nxd4 Bc5 7. Nxc6 bxc6 8. c4 0-0 9. b3 d5 10. cxd5 cxd5 11. Bb2 Ba6 12. Nc3 Rc8 13. Na4 Be7 14. Re1 Bb5 15. Nc3 Bc6 16. e3 Qb6 17. Qd4 Qxd4 18. exd4 Rc7 19. Rec1 Rfc8 20. Ne2 Ne8 21. Nf4 Bb5 22. Rxc7 Rxc7 23. Rc1 Rxc1+ 24. Bxc1 Bf6 25. Be3 Nd6 26. Bf1 Kf8 27. Bxb5 Nxb5 28. Ne2 h5 29. h4 Ke7 0-1

[Event "Kiev Blitz Marathon"]
[Site "Kiev"]
[Date "2023.04.23"]
[Round "38"]
[White "Malakhatko, Vadim"]
[Black "Alexikov, Alexander"]
[Result "1-0"]
[WhiteElo "2439"]
[BlackElo "2223"]
[PlyCount "95"]
[EventDate "2023.04.22"]
[EventType "tourn (blitz)"]
[EventRounds "54"]
[EventCountry "UKR"]
[SourceTitle "CBM 213 Extra"]
[Source "ChessBase"]
[SourceDate "2023.05.31"]
[SourceVersion "1"]
[SourceVersionDate "2023.05.31"]
[SourceQuality "1"]

1. Nf3 c5 2. c4 Nc6 3. Nc3 g6 4. d4 Bg7 5. e3 Nf6 6. d5 Na5 7. e4 d6 8. h3 0-0 9. Bd3 e6 10. 0-0 exd5 11. exd5 a6 12. a4 Re8 13. Bf4 b6 14. Qc2 Ra7 15. Rae1 Rae7 16. Rxe7 Rxe7 17. b3 h6 18. Rb1 Nb7 19. Qd2 g5 20. Bh2 Nd7 21. Ne4 Ne5 22. Nxe5 Bxe5 23. f4 Bd4+ 24. Kh1 f5 25. Ng3 Rf7 26. Qc2 Qf6 27. Re1 Bd7 28. Qc1 b5 29. axb5 axb5 30. Rf1 g4 31. hxg4 fxg4 32. Ne2 Bb2 33. Qc2 b4 34. Bg3 Nd8 35. Rb1 Bd4 36. Nxd4 Qxd4 37. Re1 Rxf4 38. Bxf4 Qxf4 39. Qc1 Qf6 40. Kg1 Qg7 41. Qf4 Nf7 42. Bf5 Bxf5 43. Qxf5 Qd4+ 44. Kh1 Qg7 45. Qe6 Kf8 46. Qxd6+ Kg8 47. Qe6 Kf8 48. d6 1-0

[Event "Kiev Blitz Marathon"]
[Site "Kiev"]
[Date "2023.04.23"]
[Round "32"]
[White "Malakhatko, Vadim"]
[Black "Leshchyshak, Igor"]
[Result "1-0"]
[WhiteElo "2439"]
[BlackElo "2010"]
[PlyCount "71"]
[EventDate "2023.04.22"]
[EventType "tourn (blitz)"]
[EventRounds "54"]
[EventCountry "UKR"]
[SourceTitle "CBM 213 Extra"]
[Source "ChessBase"]
[SourceDate "2023.05.31"]
[SourceVersion "1"]
[SourceVersionDate "2023.05.31"]
[SourceQuality "1"]

1. Nf3 Nf6 2. c4 g6 3. Nc3 Bg7 4. e4 d6 5. d4 0-0 6. Be2 e5 7. 0-0 Nc6 8. d5 Ne7 9. a4 Nh5 10. a5 Nf4 11. Bxf4 exf4 12. Qd2 f5 13. Qxf4 fxe4 14. Qxe4 Bf5 15. Qe3 Bd7 16. a6 Nf5 17. Qd2 b6 18. Rae1 Nh4 19. Nd4 Bxd4 20. Qxd4 Qg5 21. g3 Nf5 22. Qd3 Rae8 23. Ne4 Qh6 24. Bf3 Qg7 25. b3 Nd4 26. Bg2 Bf5 27. Re3 Re7 28. Rd1 Bxe4 29. Rxe4 Nf5 30. Bh3 Rfe8 31. Bxf5 gxf5 32. Rf4 Re5 33. Rxf5 Rxf5 34. Qxf5 Rf8 35. Qe6+ Kh8 36. Qe3 1-0

[Event "Kiev Blitz Marathon"]
[Site "Kiev"]
[Date "2023.04.23"]
[Round "34"]
[White "Malakhatko, Vadim"]
[Black "Mikhalsky, Vladimir"]
[Result "0-1"]
[WhiteElo "2439"]
[BlackElo "2269"]
[PlyCount "128"]
[EventDate "2023.04.22"]
[EventType "tourn (blitz)"]
[EventRounds "54"]
[EventCountry "UKR"]
[SourceTitle "CBM 213 Extra"]
[Source "ChessBase"]
[SourceDate "2023.05.31"]
[SourceVersion "1"]
[SourceVersionDate "2023.05.31"]
[SourceQuality "1"]

1. Nf3 c5 2. c4 Nf6 3. Nc3 d5 4. cxd5 Nxd5 5. d4 Nxc3 6. bxc3 g6 7. e3 Bg7 8. Be2 0-0 9. 0-0 Bf5 10. Ba3 b6 11. Nd2 cxd4 12. cxd4 Nc6 13. Rc1 Rc8 14. Nb3 Rc7 15. Bf3 Nb8 16. Qe2 Bc8 17. Rxc7 Qxc7 18. Rc1 Qd7 19. Qc4 Rd8 20. Qc7 Ba6 21. Qxd7 Rxd7 22. d5 Be5 23. g4 Bb7 24. e4 g5 25. Kg2 Kg7 26. Rc2 Kf6 27. Nc1 Rc7 28. Rxc7 Bxc7 29. Nd3 Ba6 30. Bb2+ Kg6 31. Ne5+ Bxe5 32. Bxe5 Nd7 33. Bd4 f6 34. Bd1 Bd3 35. f3 Bc4 36. a3 Kf7 37. Kg3 Ne5 38. h4 h6 39. f4 gxf4+ 40. Kxf4 Nd3+ 41. Kg3 Ne5 42. Be3 Kg7 43. Bd4 Nf7 44. Kf4 Bd3 45. Ba4 Nd6 46. e5 fxe5+ 47. Bxe5+ Kf7 48. Bd7 Nc4 49. Be6+ Ke8 50. Bd4 Nd6 51. g5 hxg5+ 52. Kxg5 Ne4+ 53. Kf4 Nd6 54. h5 Kf8 55. h6 Bg6 56. Kg5 Be4 57. Bg7+ Ke8 58. Be5 Nf7+ 59. Kf4 Bh7 60. Bg7 Nd6 61. Bg4 Nf7 62. Bf5 Nxh6 63. Bxh6 Bg8 64. Be6 Bh7 0-1

[Event "Kiev Blitz Marathon"]
[Site "Kiev"]
[Date "2023.04.22"]
[Round "9"]
[White "Voroshilov, Daniil"]
[Black "Malakhatko, Vadim"]
[Result "0-1"]
[WhiteElo "1959"]
[BlackElo "2439"]
[PlyCount "88"]
[EventDate "2023.04.22"]
[EventType "tourn (blitz)"]
[EventRounds "54"]
[EventCountry "UKR"]
[SourceTitle "CBM 213 Extra"]
[Source "ChessBase"]
[SourceDate "2023.05.31"]
[SourceVersion "1"]
[SourceVersionDate "2023.05.31"]
[SourceQuality "1"]

1. e4 c5 2. Be2 Nc6 3. f4 d5 4. d3 dxe4 5. dxe4 Qxd1+ 6. Bxd1 b6 7. Nf3 Bb7 8. c3 e6 9. 0-0 Nf6 10. Re1 Be7 11. Bc2 0-0 12. h3 Rfd8 13. Be3 Rac8 14. Nbd2 Ba6 15. Kf2 Bd3 16. Bxd3 Rxd3 17. Rad1 Rcd8 18. Ke2 Kf8 19. g4 Ke8 20. g5 Nh5 21. Nf1 Rxd1 22. Rxd1 Rxd1 23. Kxd1 Bd6 24. e5 Bc7 25. Ke2 Ne7 26. N3d2 Nf5 27. Ne4 f6 28. gxf6 gxf6 29. Nxf6+ Nxf6 30. exf6 Kf7 31. Kf3 Kxf6 32. Nd2 h5 33. Bf2 Kg6 34. Ne4 Ne7 35. Ng5 Kf5 36. Bg3 Nd5 37. c4 Nb4 38. a3 Nd3 39. b3 a5 40. Ke3 Nc1 41. b4 axb4 42. axb4 cxb4 43. Nf3 Nb3 44. Bh4 Bxf4+ 0-1

[Event "Kiev GP Anfield final"]
[Site "Kiev"]
[Date "2023.04.02"]
[Round "10"]
[White "Brodsky, Michail"]
[Black "Malakhatko, Vadim"]
[Result "1/2-1/2"]
[WhiteElo "2524"]
[BlackElo "2439"]
[PlyCount "21"]
[EventDate "2023.04.01"]
[EventType "swiss (rapid)"]
[EventRounds "11"]
[EventCountry "UKR"]
[SourceTitle "CBM 213 Extra"]
[Source "ChessBase"]
[SourceDate "2023.05.31"]
[SourceVersion "1"]
[SourceVersionDate "2023.05.31"]
[SourceQuality "1"]

1. e4 e6 2. d4 d5 3. Nd2 c5 4. exd5 Qxd5 5. Ngf3 cxd4 6. Bc4 Qd8 7. 0-0 Nc6 8. Nb3 a6 9. Nbxd4 Nxd4 10. Qxd4 Qxd4 11. Nxd4 1/2-1/2

[Event "Kiev GP Anfield final"]
[Site "Kiev"]
[Date "2023.04.02"]
[Round "6"]
[White "Budnikov, Oleg"]
[Black "Malakhatko, Vadim"]
[Result "1/2-1/2"]
[WhiteElo "2393"]
[BlackElo "2439"]
[PlyCount "25"]
[EventDate "2023.04.01"]
[EventType "swiss (rapid)"]
[EventRounds "11"]
[EventCountry "UKR"]
[SourceTitle "CBM 213 Extra"]
[Source "ChessBase"]
[SourceDate "2023.05.31"]
[SourceVersion "1"]
[SourceVersionDate "2023.05.31"]
[SourceQuality "1"]

1. e4 e6 2. d4 d5 3. Nd2 c5 4. exd5 Qxd5 5. Ngf3 cxd4 6. Nb3 Nc6 7. Nbxd4 Nf6 8. c3 Be7 9. Bd3 0-0 10. 0-0 a6 11. Qe2 Nxd4 12. Nxd4 b5 13. Rd1 1/2-1/2

[Event "Kiev GP Anfield final"]
[Site "Kiev"]
[Date "2023.04.02"]
[Round "9"]
[White "Malakhatko, Vadim"]
[Black "Maly, Alexey"]
[Result "1/2-1/2"]
[WhiteElo "2439"]
[BlackElo "2355"]
[PlyCount "35"]
[EventDate "2023.04.01"]
[EventType "swiss (rapid)"]
[EventRounds "11"]
[EventCountry "UKR"]
[SourceTitle "CBM 213 Extra"]
[Source "ChessBase"]
[SourceDate "2023.05.31"]
[SourceVersion "1"]
[SourceVersionDate "2023.05.31"]
[SourceQuality "1"]

1. Nf3 d5 2. d4 Nf6 3. c4 dxc4 4. e3 e6 5. Bxc4 a6 6. 0-0 b5 7. Be2 Bb7 8. a4 b4 9. Nbd2 Nbd7 10. Nc4 c5 11. a5 Be7 12. b3 0-0 13. Bb2 Bd5 14. Nfe5 cxd4 15. Nxd7 Nxd7 16. Bxd4 Bf6 17. Qd2 Bxd4 18. Qxd4 1/2-1/2

[Event "Kiev GP Anfield final"]
[Site "Kiev"]
[Date "2023.04.02"]
[Round "11"]
[White "Malakhatko, Vadim"]
[Black "Pyrig, Roman"]
[Result "1/2-1/2"]
[WhiteElo "2439"]
[BlackElo "2072"]
[PlyCount "236"]
[EventDate "2023.04.01"]
[EventType "swiss (rapid)"]
[EventRounds "11"]
[EventCountry "UKR"]
[SourceTitle "CBM 213 Extra"]
[Source "ChessBase"]
[SourceDate "2023.05.31"]
[SourceVersion "1"]
[SourceVersionDate "2023.05.31"]
[SourceQuality "1"]

1. Nf3 Nf6 2. c4 e6 3. g3 d5 4. Bg2 Be7 5. 0-0 0-0 6. d4 c6 7. Nc3 b6 8. b3 Bb7 9. Bb2 Nbd7 10. Qd3 Rc8 11. Rac1 c5 12. cxd5 exd5 13. Rfd1 Ne4 14. dxc5 Ndxc5 15. Qb1 Bf6 16. Nb5 a6 17. Nbd4 Re8 18. Nf5 Nd6 19. Ne3 Nde4 20. Bxf6 Qxf6 21. Qa1 Qxa1 22. Rxa1 Nc3 23. Re1 Ne6 24. Nf5 Rcd8 25. N5d4 Nc5 26. Kf1 a5 27. Rec1 N5e4 28. Rc2 b5 29. a3 Ra8 30. Ne1 b4 31. Nd3 Ba6 32. axb4 axb4 33. Re1 Bxd3 34. exd3 Nc5 35. Rxe8+ Rxe8 36. h4 Nxd3 37. Kg1 g6 38. Rd2 Nc5 39. Nc6 Nxb3 40. Rb2 Nc5 41. Rxb4 N5e4 42. Nd4 Nf6 43. Bf3 h5 44. Rb3 Nce4 45. Kg2 Nd2 46. Rb6 Nxf3 47. Nxf3 Ng4 48. Rb2 Ra8 49. Rd2 Ra5 50. Nd4 Kg7 51. Rb2 Ra4 52. Rd2 Ra5 53. Rb2 Ra7 54. Rd2 Rd7 55. Rb2 Ne5 56. Rb5 Nc4 57. Rb8 Kf6 58. Re8 Nd6 59. Ra8 Nf5 60. Nxf5 Kxf5 61. Kf3 Rc7 62. Ra5 Ke5 63. Ke2 Rc2+ 64. Ke3 Rc3+ 65. Ke2 Ke4 66. Ra7 Rc2+ 67. Ke1 f5 68. Ra3 f4 69. gxf4 Kxf4 70. Rg3 Rc6 71. Kd2 Kf5 72. Kd3 Rc4 73. Rg5+ Kf6 74. Rxd5 Rxh4 75. Ke3 Ra4 76. Kf3 Ra3+ 77. Kg2 Kg7 78. Rb5 Kh6 79. Rc5 Ra4 80. f3 Ra2+ 81. Kg3 Ra3 82. Rb5 Ra6 83. Rc5 Kg7 84. Rb5 Kf6 85. Rc5 Re6 86. Rb5 Re5 87. Rb8 Ra5 88. Rb4 Kg5 89. Rc4 Kf5 90. Rf4+ Ke5 91. Rb4 Kf5 92. Rf4+ Kg5 93. Rb4 Rf5 94. Rc4 h4+ 95. Kg2 Kh5 96. Rb4 Ra5 97. Kh3 g5 98. Rb8 Ra3 99. Rh8+ Kg6 100. Rg8+ Kf6 101. Rf8+ Kg7 102. Rf5 Kg6 103. Rf8 Ra6 104. Rg8+ Kf5 105. Rb8 Kf4 106. Rf8+ Ke3 107. Kg4 Kf2 108. f4 Ra4 109. Kxg5 h3 110. f5 h2 111. Rh8 Kg3 112. Rxh2 Kxh2 113. f6 Kg3 114. f7 Ra8 115. Kf6 Kf4 116. Kg7 Ra7 117. Kg8 Rxf7 118. Kxf7 Ke5 1/2-1/2

[Event "Kiev GP Anfield final"]
[Site "Kiev"]
[Date "2023.04.01"]
[Round "3"]
[White "Malakhatko, Vadim"]
[Black "Shishkin, Vadim"]
[Result "1/2-1/2"]
[WhiteElo "2439"]
[BlackElo "2417"]
[PlyCount "21"]
[EventDate "2023.04.01"]
[EventType "swiss (rapid)"]
[EventRounds "11"]
[EventCountry "UKR"]
[SourceTitle "CBM 213 Extra"]
[Source "ChessBase"]
[SourceDate "2023.05.31"]
[SourceVersion "1"]
[SourceVersionDate "2023.05.31"]
[SourceQuality "1"]

1. Nf3 Nf6 2. c4 g6 3. Nc3 d5 4. cxd5 Nxd5 5. e4 Nxc3 6. dxc3 Qxd1+ 7. Kxd1 f6 8. Be3 e5 9. Nd2 Be6 10. Bc4 Kf7 11. Kc2 1/2-1/2

[Event "Kyiv Spring op"]
[Site "Kiev"]
[Date "2023.03.27"]
[Round "4"]
[White "Sidorika, Vladislav"]
[Black "Malakhatko, Vadim"]
[Result "1/2-1/2"]
[WhiteElo "2278"]
[BlackElo "2439"]
[PlyCount "116"]
[EventDate "2023.03.25"]
[EventType "swiss"]
[EventRounds "9"]
[EventCountry "UKR"]
[SourceTitle "CBM 213 Extra"]
[Source "ChessBase"]
[SourceDate "2023.05.31"]
[SourceVersion "1"]
[SourceVersionDate "2023.05.31"]
[SourceQuality "1"]

1. e4 e6 2. d4 d5 3. Nc3 Nf6 4. e5 Nfd7 5. f4 c5 6. Nf3 Nc6 7. Be3 a6 8. Bd3 cxd4 9. Nxd4 Bc5 10. Nxc6 bxc6 11. Bxc5 Nxc5 12. 0-0 Qb6 13. Kh1 Qxb2 14. Qe1 Nxd3 15. cxd3 0-0 16. Rb1 Qa3 17. d4 c5 18. Rb3 Qa5 19. Nxd5 Qxe1 20. Ne7+ Kh8 21. Rxe1 cxd4 22. Nc6 d3 23. Rxd3 Bb7 24. Rc1 Rfc8 25. Rdc3 Rc7 26. R3c2 h6 27. Nd8 Bxg2+ 28. Kg1 Rxc2 29. Nxf7+ Kg8 30. Rxc2 Be4 31. Rc7 Rf8 32. Nd6 Rxf4 33. Nxe4 Rxe4 34. Rc6 Rxe5 35. Rxa6 Re2 36. Ra7 Kh7 37. a4 Kg6 38. a5 Ra2 39. a6 Kf6 40. Ra8 Kf5 41. a7 Ke5 42. Kf1 h5 43. Kg1 h4 44. Kf1 g5 45. Kg1 h3 46. Kf1 g4 47. Kg1 Rg2+ 48. Kf1 Ra2 49. Kg1 Ra4 50. Kf2 Ra3 51. Kg1 Ra2 52. Kf1 Ke4 53. Re8 g3 54. hxg3 h2 55. Rxe6+ Kf3 56. Rf6+ Kxg3 57. Rg6+ Kf4 58. a8Q Ke5 1/2-1/2

[Event "Lvov Vasylyshyn Memorial 19th"]
[Site "Lvov"]
[Date "2022.12.14"]
[Round "4"]
[White "Malakhatko, Vadim"]
[Black "Dankulinec, Julia"]
[Result "1-0"]
[WhiteElo "2448"]
[BlackElo "1702"]
[PlyCount "61"]
[EventDate "2022.12.12"]
[EventType "tourn"]
[EventRounds "9"]
[EventCountry "UKR"]
[EventCategory "4"]
[SourceTitle "CBM 211 Extra"]
[Source "ChessBase"]
[SourceDate "2023.01.31"]
[SourceVersion "1"]
[SourceVersionDate "2023.01.31"]
[SourceQuality "1"]

1. Nf3 g6 2. d4 Bg7 3. c4 d6 4. Nc3 Nf6 5. e4 0-0 6. Be2 c5 7. 0-0 Bg4 8. d5 Nbd7 9. Bg5 Rb8 10. Qc2 a6 11. a4 Ne8 12. h3 Bxf3 13. Bxf3 Nc7 14. Be2 Qe8 15. a5 b5 16. axb6 Rxb6 17. Ra3 e6 18. Rd1 e5 19. Bd3 Rb7 20. Rb1 f6 21. Bd2 Qc8 22. Na2 Nb8 23. b4 f5 24. bxc5 Rxb1+ 25. Qxb1 dxc5 26. Ra5 Nd7 27. exf5 e4 28. Bxe4 Ne5 29. Rxc5 gxf5 30. Bc2 Qd7 31. Qb6 1-0

[Event "Lvov Vasylyshyn Memorial 19th"]
[Site "Lvov"]
[Date "2022.12.12"]
[Round "1"]
[White "Bakhmatsky, Vladislav"]
[Black "Malakhatko, Vadim"]
[Result "1/2-1/2"]
[WhiteElo "2468"]
[BlackElo "2448"]
[PlyCount "45"]
[EventDate "2022.12.12"]
[EventType "tourn"]
[EventRounds "9"]
[EventCountry "UKR"]
[EventCategory "4"]
[SourceTitle "CBM 211 Extra"]
[Source "ChessBase"]
[SourceDate "2023.01.31"]
[SourceVersion "1"]
[SourceVersionDate "2023.01.31"]
[SourceQuality "1"]

1. e4 e6 2. d4 d5 3. e5 c5 4. c3 Qb6 5. Nf3 Nc6 6. a3 Nh6 7. Bd3 cxd4 8. 0-0 dxc3 9. Nxc3 Qd8 10. b4 Nf5 11. b5 Nce7 12. g4 Nh6 13. h3 Ng6 14. Be3 f6 15. exf6 gxf6 16. Re1 Nf7 17. Qa4 Nge5 18. Be2 Bd6 19. Nd4 0-0 20. f4 Ng6 21. f5 exf5 22. gxf5 Nge5 23. Nxd5 1/2-1/2

[Event "Kiev Shystariov Rapid"]
[Site "Kiev"]
[Date "2022.08.28"]
[Round "9"]
[White "Popovkin, Petro"]
[Black "Malakhatko, Vadim"]
[Result "0-1"]
[WhiteElo "2156"]
[BlackElo "2448"]
[PlyCount "88"]
[EventDate "2022.08.27"]
[EventType "swiss (rapid)"]
[EventRounds "9"]
[EventCountry "UKR"]
[SourceTitle "CBM 209 Extra"]
[Source "ChessBase"]
[SourceDate "2022.09.30"]
[SourceVersion "1"]
[SourceVersionDate "2022.09.30"]
[SourceQuality "1"]

1. e4 c5 2. f4 d5 3. exd5 Qxd5 4. Nc3 Qd8 5. Nf3 Nc6 6. Bb5 Bd7 7. d4 cxd4 8. Nxd4 Nxd4 9. Qxd4 Bxb5 10. Nxb5 Qxd4 11. Nxd4 Rc8 12. Be3 Nf6 13. 0-0-0 g6 14. Rhe1 a6 15. Nf3 Bg7 16. Bd4 e6 17. Ne5 0-0 18. g4 Rfd8 19. Bb6 Rxd1+ 20. Rxd1 Nd5 21. Nd7 Nxf4 22. c3 Nd5 23. Bd4 h6 24. Kc2 g5 25. Kb3 Rc7 26. Bxg7 Kxg7 27. Ne5 f6 28. Nf3 Kf7 29. c4 Ne3 30. Rd4 e5 31. Re4 Ng2 32. Kb4 Nf4 33. b3 Nd3+ 34. Ka5 Rc6 35. b4 Re6 36. c5 Nf4 37. h4 Nd5 38. h5 Ke7 39. a4 Kd7 40. Nd2 Kc6 41. Rc4 Ne3 42. Re4 Nc2 43. Nc4 Kd5 44. Nd2 Nd4 0-1

[Event "Kiev Shystariov Rapid"]
[Site "Kiev"]
[Date "2022.08.27"]
[Round "1"]
[White "Rakhmangulova, Iulia"]
[Black "Malakhatko, Vadim"]
[Result "0-1"]
[WhiteElo "1904"]
[BlackElo "2448"]
[PlyCount "54"]
[EventDate "2022.08.27"]
[EventType "swiss (rapid)"]
[EventRounds "9"]
[EventCountry "UKR"]
[SourceTitle "CBM 209 Extra"]
[Source "ChessBase"]
[SourceDate "2022.09.30"]
[SourceVersion "1"]
[SourceVersionDate "2022.09.30"]
[SourceQuality "1"]

1. e4 c5 2. Nc3 e6 3. g3 Nc6 4. Bg2 g6 5. Nge2 Bg7 6. d3 d6 7. Be3 Nd4 8. Qd2 Qa5 9. Bf4 Nxe2 10. Kxe2 Qb6 11. Rab1 Ne7 12. Bh6 0-0 13. h4 f6 14. Bxg7 Kxg7 15. h5 g5 16. h6+ Kh8 17. f4 gxf4 18. gxf4 Bd7 19. Bf3 Rg8 20. b3 Rg6 21. Rbg1 Rag8 22. Qe3 Nc6 23. Bh5 Nd4+ 24. Kd1 Qa5 25. Ne2 Qxa2 26. Nxd4 Rxg1+ 27. Rxg1 Qa1+ 0-1

[Event "Kiev Shystariov Blitz"]
[Site "Kiev"]
[Date "2022.08.26"]
[Round "6"]
[White "Malakhatko, Vadim"]
[Black "Ivanukh, Roman"]
[Result "1-0"]
[WhiteElo "2448"]
[BlackElo "2247"]
[PlyCount "43"]
[EventDate "2022.08.26"]
[EventType "swiss (blitz)"]
[EventRounds "9"]
[EventCountry "UKR"]
[SourceTitle "CBM 209 Extra"]
[Source "ChessBase"]
[SourceDate "2022.09.30"]
[SourceVersion "1"]
[SourceVersionDate "2022.09.30"]
[SourceQuality "1"]

1. Nf3 Nf6 2. c4 e6 3. g3 d5 4. Bg2 Be7 5. 0-0 0-0 6. d4 dxc4 7. Qc2 a6 8. Qxc4 b5 9. Qc2 Bb7 10. Bd2 Be4 11. Qc1 c6 12. Rd1 Nbd7 13. b4 Qb6 14. Be1 Rfd8 15. a3 h6 16. Nbd2 Bd5 17. Qc2 Bxf3 18. Nxf3 Bd6 19. Rac1 Rac8 20. e4 e5 21. Bh3 Rc7 22. dxe5 1-0

[Event "Kiev Shystariov Blitz"]
[Site "Kiev"]
[Date "2022.08.26"]
[Round "1"]
[White "Toroptseva, Yevheniia"]
[Black "Malakhatko, Vadim"]
[Result "0-1"]
[WhiteElo "1766"]
[BlackElo "2448"]
[PlyCount "70"]
[EventDate "2022.08.26"]
[EventType "swiss (blitz)"]
[EventRounds "9"]
[EventCountry "UKR"]
[SourceTitle "CBM 209 Extra"]
[Source "ChessBase"]
[SourceDate "2022.09.30"]
[SourceVersion "1"]
[SourceVersionDate "2022.09.30"]
[SourceQuality "1"]

1. e4 c5 2. Nf3 e6 3. c3 Nf6 4. e5 Nd5 5. d4 cxd4 6. cxd4 d6 7. Bc4 Nb6 8. Bb3 dxe5 9. dxe5 Qxd1+ 10. Kxd1 Bd7 11. Be3 Bc6 12. Nbd2 N8d7 13. Rc1 Nd5 14. Ke2 Nxe3 15. Kxe3 Bc5+ 16. Ke2 Ke7 17. Rhd1 Rac8 18. a3 Bb6 19. Bc4 g5 20. h3 h6 21. b4 a6 22. Bd3 Ba4 23. Re1 Bc7 24. Nc4 Bb5 25. Kd2 Rhd8 26. Re4 Bc6 27. Re3 Bxf3 28. gxf3 b5 29. Nd6 Bxd6 30. exd6+ Kxd6 31. Rd1 Ke7 32. Ke2 Nf6 33. Bb1 Nd5 34. Re4 Nc3+ 35. Ke1 Rxd1# 0-1

[Event "Lvov Vasylyshyn Memorial-A 18th"]
[Site "Lvov"]
[Date "2021.12.07"]
[Round "4"]
[White "Malakhatko, Vadim"]
[Black "Plichta, Kamil"]
[Result "1-0"]
[WhiteElo "2445"]
[BlackElo "2399"]
[PlyCount "89"]
[EventDate "2021.12.04"]
[EventType "tourn"]
[EventRounds "9"]
[EventCountry "UKR"]
[EventCategory "6"]
[SourceTitle "CBM 205 Extra"]
[Source "ChessBase"]
[SourceDate "2022.01.31"]
[SourceVersion "1"]
[SourceVersionDate "2022.01.31"]
[SourceQuality "1"]

1. d4 Nf6 2. Nf3 g6 3. c4 Bg7 4. Nc3 0-0 5. e4 d6 6. Be2 e5 7. 0-0 Bg4 8. d5 a5 9. Ne1 Bd7 10. Nd3 Na6 11. a3 a4 12. Bg5 b6 13. Qd2 Nc5 14. Nxc5 bxc5 15. Rfb1 Qc8 16. b4 axb3 17. Rxb3 h5 18. a4 Nh7 19. Be3 f5 20. exf5 gxf5 21. Bh6 h4 22. Bxg7 Kxg7 23. f4 e4 24. a5 Nf6 25. Nd1 Rh8 26. Qe1 Rh6 27. Ne3 Qa6 28. Bd1 Kf7 29. Rbb1 Ke7 30. Ba4 Qxa5 31. Qc1 Qxa4 32. Rxa4 Rxa4 33. Rb7 Rh8 34. Rxc7 Rb8 35. h3 Kd8 36. Rxd7+ Kxd7 37. Nxf5 Ra2 38. Nxh4 Rbb2 39. f5 Rd2 40. Qc3 Nh5 41. Qh8 Nf4 42. Qg7+ Kc8 43. f6 Rd1+ 44. Kh2 Raa1 45. Qg4+ 1-0

[Event "Mersin op 5th"]
[Site "Mersin"]
[Date "2021.11.20"]
[Round "8"]
[White "Malakhatko, Vadim"]
[Black "Daneshvar, Bardiya"]
[Result "1/2-1/2"]
[WhiteElo "2450"]
[BlackElo "2380"]
[PlyCount "37"]
[EventDate "2021.11.16"]
[EventType "swiss"]
[EventRounds "9"]
[EventCountry "TUR"]
[SourceTitle "CBM 205 Extra"]
[Source "ChessBase"]
[SourceDate "2022.01.31"]
[SourceVersion "1"]
[SourceVersionDate "2022.01.31"]
[SourceQuality "1"]

1. c4 c6 2. Nf3 d5 3. d4 Nf6 4. Qb3 dxc4 5. Qxc4 Bf5 6. g3 e6 7. Bg2 Nbd7 8. 0-0 Be7 9. e3 0-0 10. Qe2 Qc7 11. Nc3 Ne4 12. Rd1 Rad8 13. Ne1 Nef6 14. e4 Bg6 15. Nd3 e5 16. Be3 exd4 17. Bxd4 Rfe8 18. f3 Nf8 19. Be3 1/2-1/2